|
|
|
|
| LEADER |
00983nam a2200253 a 4500 |
| 001 |
1569 |
| 008 |
130604s1965 nyua 001 0 eng d |
| 010 |
|
|
|a 64066261
|
| 020 |
|
|
|a 0708280X
|
| 040 |
|
|
|a DLC
|c DLC
|d DLC
|d BD-DhAAL
|
| 082 |
0 |
0 |
|a 615.854
|
| 100 |
1 |
|
|a Burton, Benjamin T.
|
| 110 |
2 |
|
|a H.J. Heinz Company.
|
| 245 |
1 |
4 |
|a The Heinz handbook of nutrition :
|b a comprehensive treatise on nutrition in health and disease /
|c by Benjamin T. Burton.
|
| 250 |
|
|
|a 2d ed.
|
| 260 |
|
|
|a New York :
|b Published for H. J. Heinz Co. by the Blakiston Division, McGraw-Hill,
|c c1965.
|
| 300 |
|
|
|a x, 462 p. :
|b illus. ;
|c 24 cm.
|
| 541 |
|
|
|e 1569
|
| 650 |
|
0 |
|a Nutrition.
|
| 650 |
|
0 |
|a Diet in disease.
|
| 700 |
1 |
|
|a Burton, Benjamin T.
|q (Benjamin Theodore),
|d 1919-
|
| 852 |
1 |
|
|a Ayesha Abed Library
|j General shelf.
|
| 999 |
|
|
|c 13539
|d 13539
|
| 952 |
|
|
|0 0
|1 0
|2 ddc
|4 0
|6 615_854000000000000_BUR
|7 0
|9 22614
|a BRACUL
|b BRACUL
|c GEN
|d 2013-06-04
|g 0.00
|l 0
|o 615.854 BUR
|p 3010001569
|r 2013-06-04
|t 1
|w 2013-06-04
|y BK
|